000 00439nam a22001697a 4500
005 20160625140109.0
008 160625b xxu||||| |||| 00| 0 eng d
020 _a81-7036-951-7
041 _aeng
082 _b10223
100 _aMelkote, Srinivas R & Steeves, H leslia
_92786
245 _aCommunication for the Development in the third World
260 _bSage
300 _a367
650 _aMass Communication
_92660
942 _cBK
999 _c4027
_d4026